[Event "BCF-chT4 2223 (4NCL)"]
[Site "England"]
[Date "2023.01.08"]
[Round "4.135"]
[White "Popova, Svetlana1111"]
[Black "Lane, Clifford"]
[Result "0-1"]
[WhiteElo "1257"]
[BlackElo "1300"]
[PlyCount "31"]
[EventDate "2022.11.05"]
[EventType "team-swiss"]
[EventRounds "11"]
[EventCountry "ENG"]
[SourceTitle "EXT 2024"]
[Source "ChessBase"]
[SourceDate "2023.10.10"]
[SourceVersion "1"]
[SourceVersionDate "2023.10.10"]
[SourceQuality "1"]
[WhiteTeam "Average Wood Pushers II"]
[BlackTeam "Deaf England"]
[WhiteTeamCountry "ENG"]
[BlackTeamCountry "ENG"]

1. d4 d5 2. Nf3 Nc6 3. Bf4 Bf5 4. e3 e6 5. Bd3 Nge7 6. Nbd2 Ng6 7. Qe2 Bd6 8. c3 Bxf4 9. exf4 Nxf4 10. Qe3 Nxg2+ 11. Ke2 Nxe3 12. fxe3 0-0 13. Rhe1 Re8 14. a3 Bxd3+ 15. Kd1 e5 16. Nb3 0-1